Breaking the silence (Record no. 367007)
[ view plain ]
| 000 -LEADER | |
|---|---|
| fixed length control field | 00964nam a22002417a 4500 |
| 003 - CONTROL NUMBER IDENTIFIER | |
| control field | 0 |
| 005 - DATE AND TIME OF LATEST TRANSACTION | |
| control field | 20250117095935.0 |
| 008 - FIXED-LENGTH DATA ELEMENTS--GENERAL INFORMATION | |
| fixed length control field | 250117b xxu||||| |||| 00| 0 eng d |
| 050 ## - LIBRARY OF CONGRESS CALL NUMBER | |
| Classification number | RF 291 |
| Item number | .M64 2023 |
| 100 ## - MAIN ENTRY--PERSONAL NAME | |
| Personal name | Millama, Alexene E. |
| 245 ## - TITLE STATEMENT | |
| Title | Breaking the silence |
| Remainder of title | correlation of functional interpersonal behavior and self-construal of young adults with sensorineural deficits |
| Statement of responsibility, etc | Alexene E. Millama [and four others] |
| 260 ## - PUBLICATION, DISTRIBUTION, ETC. (IMPRINT) | |
| Place of publication, distribution, etc | Las Pinas City |
| Name of publisher, distributor, etc | Southville International School and Colleges |
| Date of publication, distribution, etc | 2023 |
| 300 ## - PHYSICAL DESCRIPTION | |
| Extent | x, 82 pages : |
| Other physical details | illustrations ; |
| Dimensions | 29cm. |
| 504 ## - BIBLIOGRAPHY, ETC. NOTE | |
| Bibliography, etc | Includes bibliographical references and appendices. |
| 650 ## - SUBJECT ADDED ENTRY--TOPICAL TERM | |
| Topical term or geographic name as entry element | Hearing Impairments--sensorineural deficits. |
| 650 ## - SUBJECT ADDED ENTRY--TOPICAL TERM | |
| Topical term or geographic name as entry element | Psychological Aspects -- self-construal. |
| 650 ## - SUBJECT ADDED ENTRY--TOPICAL TERM | |
| Topical term or geographic name as entry element | Interpersonal Behavior--social aspects. |
| 700 ## - ADDED ENTRY--PERSONAL NAME | |
| Personal name | Quima, Justin Ryan |
| 700 ## - ADDED ENTRY--PERSONAL NAME | |
| Personal name | Samonte, Lann Nicole |
| 700 ## - ADDED ENTRY--PERSONAL NAME | |
| Personal name | Sanchez, Loreyee Kyle |
| 700 ## - ADDED ENTRY--PERSONAL NAME | |
| Personal name | Santos, Nina Katrina |
| 942 ## - ADDED ENTRY ELEMENTS (KOHA) | |
| Source of classification or shelving scheme | Library of Congress Classification |
| Koha item type | Theses |
| Withdrawn status | Lost status | Source of classification or shelving scheme | Damaged status | Home library | Current library | Shelving location | Date acquired | Source of acquisition | Sub Shelving location | Total Checkouts | Full call number | Barcode | Date last seen | Price effective from | Koha item type |
|---|---|---|---|---|---|---|---|---|---|---|---|---|---|---|---|
| Library of Congress Classification | College Library | College Library | Theses Section | 01/17/2025 | Donation | RF 291 .M64 2023 | T1275 | 01/17/2025 | 01/17/2025 | Theses |